000 00757 a2200205 4500
020 _a0071106685
020 _a9780071106689
090 _c127
_d127
100 1 _ahawkins, del.
245 1 0 _aConsumer behavior /
_cdel hawkins.
250 _a10th International ed.
260 _a[S.l.] :
_bUnknown Publisher,
_c2007.
300 _a1 v. (unpaged) ;
_c26 cm.
490 1 _aBuilding marketing strategy 10th international edition.
500 _aPaperback.
830 0 _aBuilding marketing strategy 10th international edition.
856 4 0 _3Amazon.com
_uhttp://www.amazon.com/exec/obidos/ASIN/0071106685/chopaconline-20
856 4 0 _3Amazon customer reviews
_uhttp://www.chopac.org/cgi-bin/tools/azrev.pl?q=0071106685
942 _aNBS
_cBK
_k658.83420973 HAW
999 _c342704
_d342704